header

Self-management and the health care consumer (Record no. 169774)

MARC details
000 -LEADER
fixed length control field 01373nam a2200349Ia 4500
082 04 - DEWEY DECIMAL CLASSIFICATION NUMBER
Classification number 362.10993
100 1# - MAIN ENTRY--AUTHOR NAME
Personal name Harvey, Peter William.
245 10 - TITLE STATEMENT
Title Self-management and the health care consumer
260 ## - PUBLICATION, DISTRIBUTION, ETC. (IMPRINT)
Place of publication New York :
Name of publisher Nova Science Publishers,
Year of publication c2011.
300 ## - PHYSICAL DESCRIPTION
Number of Pages xi, 176 p. :
Other physical details ill.
490 1# - SERIES STATEMENT
Series statement Health and human development
650 #0 - SUBJECT ADDED ENTRY--TOPICAL TERM
Topical Term Health services administration
Topical Term Medical care
Topical Term Self-care, Health
Topical Term Health care reform
856 40 - ELECTRONIC LOCATION AND ACCESS
Uniform Resource Identifier http://site.ebrary.com/lib/rucke/Doc?id=10661634

No items available.

© 2026 Rongo University
Contact us: librarian | system librarian | Rongo university